ARRUPE JESUIT UNIVERSITY

CORONAVIRUS -STOP THE SPREAD - CLEAN,DISINFECT,COVER

Christian attitudes to marriage (Record no. 6194)

MARC details
000 -LEADER
fixed length control field 00699nam a2200241Ia 4500
003 - CONTROL NUMBER IDENTIFIER
control field 0100
008 - FIXED-LENGTH DATA ELEMENTS--GENERAL INFORMATION
fixed length control field 130227s9999 xx 000 0 und d
040 ## - CATALOGING SOURCE
Transcribing agency ARRUPELIB
050 ## - LIBRARY OF CONGRESS CALL NUMBER
Classification number BX2250.C692
100 ## - MAIN ENTRY--PERSONAL NAME
Personal name Coleman, Peter
245 ## - TITLE STATEMENT
Title Christian attitudes to marriage
245 ## - TITLE STATEMENT
Remainder of title from ancient times to the third millenium
260 ## - PUBLICATION, DISTRIBUTION, ETC. (IMPRINT)
Place of publication, distribution, etc London
260 ## - PUBLICATION, DISTRIBUTION, ETC. (IMPRINT)
Name of publisher, distributor, etc SCM Press
260 ## - PUBLICATION, DISTRIBUTION, ETC. (IMPRINT)
-- 2004
300 ## - PHYSICAL DESCRIPTION
Extent 269p.
300 ## - PHYSICAL DESCRIPTION
Other physical details 23 cm
650 ## - SUBJECT ADDED ENTRY--TOPICAL TERM
Topical term following geographic name as entry element Ngugi wa Thiong'o - Knowledge - History
650 ## - SUBJECT ADDED ENTRY--TOPICAL TERM
Location of event Historical fiaction, Kenyan (English) - History & criticism
650 ## - SUBJECT ADDED ENTRY--TOPICAL TERM
Active dates Literature & history - African - History - 20th century
700 ## - ADDED ENTRY--PERSONAL NAME
Personal name Langford, Michael (ed.)
942 ## - ADDED ENTRY ELEMENTS (KOHA)
Source of classification or shelving scheme Library of Congress Classification
Koha issues (borrowed), all copies 1
Holdings
Withdrawn status Lost status Source of classification or shelving scheme Damaged status Not for loan Collection code Home library Current library Shelving location Date acquired Total Checkouts Full call number Barcode Date last seen Date last borrowed Copy number Price effective from Koha item type
    Library of Congress Classification     Main Collection ARRUPE LIBRARY ARRUPE LIBRARY   27/02/2013 1 BX2250.C692 46408159 15/10/2021 26/08/2013 1 27/02/2013 Monograph ( Printed materials)

 

Arrupe Library. PO Box MP320 Mt Pleasant, Harare, Zimbabwe
263 242 745411|librarian@aju.ac.zw